000 00442nam a2200181Ia 4500
001 22019
003 GE_BSU
008 181216s||||||||xx |||||||||||||| ||und||
040 _cGE_BSU
245 _aLe point, 4 janvier №2366. 2018
260 _aParis
260 _c2018
300 _a106 p. 27cm.
653 _aLe point, 4 janvier №2366. 2018
653 _aПериодика
653 _aპერიოდიკა
942 _cCR
999 _c54948
_d54948